01011nam a2200229 a 4500001001000000003000500010005001700015008004100032010001100073011001100084040000900095100004100104245019300145260004100338500006000379502012400439650004200563650004500605650004300650650001800693856007000711000108826CHAP20220329144026.0140313s2013 mx sm |||||||spa d a105288 a106260 cCHAP1 aSánchez Romero, Claudia Angélica10aEvaluación del plan de estudios del Doctorado en Ciencias en Educación Agrícola Superior de la Universidad Autónoma Chapingoh[En línea]cpor Claudia Angélica Sánchez Romero. aChapingo, Méx. :bEl autor,c2013. aPara ver el contenido del material haga clic en la liga aTesis (Ph. D. en Ciencias en Educación Agrícola Superior) -- UACH. Departamento de Partamento de Sociología Rural14aEducación agrícolaxEvaluación.14aEducación superiorxPlanes de estudio.14aEducación superiorzMéxico (Edo.).14aEvaluación. aFinding aiduhttp://10.13.5.2/tesis/sist108826.pdfzTeclea aquí